<?xml version="1.0" encoding="UTF-8"?>
<record
    xmlns:xsi="http://www.w3.org/2001/XMLSchema-instance"
    xsi:schemaLocation="http://www.loc.gov/MARC21/slim http://www.loc.gov/standards/marcxml/schema/MARC21slim.xsd"
    xmlns="http://www.loc.gov/MARC21/slim">

  <leader>02885cam a22003255a 4500</leader>
  <controlfield tag="001">17707297</controlfield>
  <controlfield tag="005">20160926115259.0</controlfield>
  <controlfield tag="008">130422s2013    ilu    frb    001 0 eng d</controlfield>
  <datafield tag="010" ind1=" " ind2=" ">
    <subfield code="a">  2013010870</subfield>
  </datafield>
  <datafield tag="020" ind1=" " ind2=" ">
    <subfield code="a">1555708609</subfield>
  </datafield>
  <datafield tag="020" ind1=" " ind2=" ">
    <subfield code="a">9781555708603</subfield>
  </datafield>
  <datafield tag="040" ind1=" " ind2=" ">
    <subfield code="a">DLC</subfield>
    <subfield code="b">eng</subfield>
    <subfield code="c">DLC</subfield>
    <subfield code="d">EG-ScBUE</subfield>
  </datafield>
  <datafield tag="042" ind1=" " ind2=" ">
    <subfield code="a">pcc</subfield>
  </datafield>
  <datafield tag="082" ind1="0" ind2="4">
    <subfield code="2">22</subfield>
    <subfield code="a">028.70711</subfield>
    <subfield code="b">INF</subfield>
  </datafield>
  <datafield tag="245" ind1="0" ind2="0">
    <subfield code="a">Information literacy instruction that works :</subfield>
    <subfield code="b">a guide to teaching by discipline and student population /</subfield>
    <subfield code="c">edited by Patrick Ragains.</subfield>
  </datafield>
  <datafield tag="250" ind1=" " ind2=" ">
    <subfield code="a">2nd ed.</subfield>
  </datafield>
  <datafield tag="260" ind1=" " ind2=" ">
    <subfield code="a">Chicago, Illinois :</subfield>
    <subfield code="b">Neal- Schuman / American Library Association, </subfield>
    <subfield code="c">c.2013.</subfield>
  </datafield>
  <datafield tag="300" ind1=" " ind2=" ">
    <subfield code="a">xvii, 342 p. ;</subfield>
    <subfield code="c">28 cm.</subfield>
  </datafield>
  <datafield tag="500" ind1=" " ind2=" ">
    <subfield code="a">Index : p. 317-342.</subfield>
  </datafield>
  <datafield tag="504" ind1=" " ind2=" ">
    <subfield code="a">Includes bibliographical references.</subfield>
  </datafield>
  <datafield tag="505" ind1=" " ind2=" ">
    <subfield code="a">Pt.1, Planning to Teach Information Literacy in Colleges and Universities: Setting the stage for information literacy education / Patrick Ragains and Mark Emmons -- Building strong relationships with faculty-librarian collaboration / Jean Caspers. -- Pt.2, Teaching Specific Student Groups and Other Audiences: College and university freshman / Mark Emmons --
Community college students / Ann Roselle -- Students with disabilities / Adina J. Mulliken and Bernadette A. Lear -- Tailoring instruction for students in online and distance learning environments / Amy Elizabeth Hughes. -- Pt.3, Teaching Information Literacy in Specific Disciplines: English literature / Janelle M. Zauha -- Art and art history / Peggy Keeran --
Film studies / Neal Baker -- Music / Laurie J. Sampsel --
History / Patrick Ragains -- Psychology / Nonny Schlotzhauer --
Anthropology / Catherine L. Cranston -- Scientific literacy / Elizabeth Berman -- Agricultural sciences and natural resources / Allison V. Level -- Engineering / Martin K. Wallace --
Business / Patrick Ragains. -- Pt.4, Teaching Special Topics in Information Literacy: Legal research for non-law students / Patrick Ragains -- Government information / Patrick Ragains --
Patent research / Suzanne L. Reinman.</subfield>
  </datafield>
  <datafield tag="520" ind1=" " ind2=" ">
    <subfield code="a">The need to find a broad range of information and the ability to analyze and use it effective has never been greater. Our understanding of students and how they learn; library technology; available resources; these are all changing. This collection addresses how to meet with college and university students at all levels, teach research skills in subjects that are new to them, or develop a campus-wide information literacy initiative</subfield>
  </datafield>
  <datafield tag="650" ind1=" " ind2="7">
    <subfield code="a">Information literacy </subfield>
    <subfield code="x">Study and teaching (Higher).</subfield>
    <subfield code="2">BUEsh</subfield>
    <subfield code="9">41225</subfield>
  </datafield>
  <datafield tag="650" ind1=" " ind2="7">
    <subfield code="a">Electronic information resource literacy</subfield>
    <subfield code="x">Study and teaching (Higher).</subfield>
    <subfield code="2">BUEsh</subfield>
    <subfield code="9">41228</subfield>
  </datafield>
  <datafield tag="650" ind1=" " ind2="7">
    <subfield code="a">Academic libraries </subfield>
    <subfield code="x">Relations with faculty and curriculum.</subfield>
    <subfield code="2">BUEsh</subfield>
    <subfield code="9">41219</subfield>
  </datafield>
  <datafield tag="651" ind1=" " ind2=" ">
    <subfield code="2">BUEsh</subfield>
  </datafield>
  <datafield tag="653" ind1=" " ind2=" ">
    <subfield code="b">GGEN</subfield>
    <subfield code="c">September2016</subfield>
  </datafield>
  <datafield tag="700" ind1="1" ind2=" ">
    <subfield code="a">Ragains, Patrick&#x200F;.</subfield>
    <subfield code="e">editor </subfield>
    <subfield code="9">41212</subfield>
  </datafield>
  <datafield tag="942" ind1=" " ind2=" ">
    <subfield code="2">ddc</subfield>
    <subfield code="e">22</subfield>
    <subfield code="k">028.70711 INF</subfield>
  </datafield>
  <datafield tag="999" ind1=" " ind2=" ">
    <subfield code="c">22402</subfield>
    <subfield code="d">22374</subfield>
  </datafield>
  <datafield tag="952" ind1=" " ind2=" ">
    <subfield code="0">0</subfield>
    <subfield code="1">0</subfield>
    <subfield code="2">ddc</subfield>
    <subfield code="4">0</subfield>
    <subfield code="7">0</subfield>
    <subfield code="8">Baccah</subfield>
    <subfield code="a">MAIN</subfield>
    <subfield code="b">MAIN</subfield>
    <subfield code="c">LOW</subfield>
    <subfield code="d">2016-09-26</subfield>
    <subfield code="e">Purchase</subfield>
    <subfield code="g">1230.00</subfield>
    <subfield code="l">2</subfield>
    <subfield code="m">29</subfield>
    <subfield code="o">028.70711 INF</subfield>
    <subfield code="p">000033506</subfield>
    <subfield code="q">2026-05-19</subfield>
    <subfield code="r">2019-03-26 00:00:00</subfield>
    <subfield code="s">2019-03-26</subfield>
    <subfield code="y">BB</subfield>
  </datafield>
</record>
